000
nam a22 7a 4500
999
_c
44257
_d
44257
003
OSt
005
20180811092128.0
008
180811b xxu||||| |||| 00| 0 eng d
040
_c
SEROSOFT
100
_a
BODHANKAR S L
245
_a
PATHOPHYSIOLOGY
260
_a
NEW DELHI
_b
NIRALI
_c
2018
300
_a
9.16
942
_2
ddc
_c
02